Caos /

Guardado en:
書目詳細資料
主要作者: Herrera, Flavio, 1895-
格式: 未知
語言:Spanish
出版: Guatemala : Editorial Universitaria, 1949.
主題:
標簽: 添加標簽
沒有標簽, 成為第一個標記此記錄!

MARC

LEADER 000000000a22000000004500
001 015672
008 171030b xxu||||| |||| 00| 0 spa d
041 0 |a spa 
082 0 4 |a G863.4   |b H565ca 
100 1 |a Herrera, Flavio,   |d 1895- 
245 1 0 |a Caos /   |c Flavio Herrera. 
260 1 |a Guatemala :   |b Editorial Universitaria,   |c 1949. 
300 |a 187 páginas 
650 4 |a LITERATURA GUATEMALTECA  |9 46 
942 |c BK  |2 ddc 
999 |c 21513  |d 21513